The Nepalese dilemma, 1960-74 / (Record no. 21713)

MARC details
000 -LEADER
fixed length control field 00782nam a2200277 i 4500
001 - CONTROL NUMBER
control field 4596003
003 - CONTROL NUMBER IDENTIFIER
control field BDDh-ASL
005 - DATE AND TIME OF LATEST TRANSACTION
control field 20231015030030.0
008 - FIXED-LENGTH DATA ELEMENTS--GENERAL INFORMATION
fixed length control field 760302s1975 ii b b 001 0 eng
010 ## - LIBRARY OF CONGRESS CONTROL NUMBER
LC control number 75903382
020 ## - INTERNATIONAL STANDARD BOOK NUMBER
Terms of availability Rs90.00
040 ## - CATALOGING SOURCE
Original cataloging agency DLC
Transcribing agency DLC
Modifying agency DLC
-- BDDh-ASL
043 ## - GEOGRAPHIC AREA CODE
Geographic area code a-np---
050 00 - LIBRARY OF CONGRESS CALL NUMBER
Classification number DS495.5
Item number .N37
082 00 - DEWEY DECIMAL CLASSIFICATION NUMBER
Classification number 954.2632
Item number NAN
100 1# - MAIN ENTRY--PERSONAL NAME
Personal name Nath, Tribhuvan
245 14 - TITLE STATEMENT
Title The Nepalese dilemma, 1960-74 /
Statement of responsibility, etc. Tribhuvan Nath.
250 ## - EDITION STATEMENT
Edition statement 1st ed.
260 ## - PUBLICATION, DISTRIBUTION, ETC.
Place of publication, distribution, etc. New Delhi :
Name of publisher, distributor, etc. Sterling Publishers,
Date of publication, distribution, etc. 1975.
300 ## - PHYSICAL DESCRIPTION
Extent x, 528 p. :
Other physical details map ;
Dimensions 22 cm.
500 ## - GENERAL NOTE
General note Includes index.
504 ## - BIBLIOGRAPHY, ETC. NOTE
Bibliography, etc. note Bibliography: p. [519]-521.
651 #0 - SUBJECT ADDED ENTRY--GEOGRAPHIC NAME
Geographic name Nepal
General subdivision Politics and government.
906 ## - LOCAL DATA ELEMENT F, LDF (RLIN)
a 7
b cbc
c orignew
d 4
e ncip
f 19
g y-gencatlg
942 ## - ADDED ENTRY ELEMENTS (KOHA)
Source of classification or shelving scheme Dewey Decimal Classification
Koha item type Books
Holdings
Withdrawn status Lost status Source of classification or shelving scheme Damaged status Not for loan Collection code Home library Current library Shelving location Date acquired Source of acquisition Total Checkouts Full call number Barcode Date last seen Copy number Price effective from Koha item type Public note
    Dewey Decimal Classification     Non-fiction Asiatic Society Library Asiatic Society Library General Stacks 02/11/2021 ASB Library Collections   954.2632 NAN 105635 02/11/2021 C-1 02/11/2021 Books RARE

Powered by Koha